000 00398nam a2200157Ia 4500
005 20240823064354.0
008 240823s9999||||xx |||||||||||||| ||und||
082 _A621.381 P4
100 _a"Sedra,Adel S"
245 0 _aMicroelectronic Circuits
260 _c2004
_b"Oxford University,Newyork"
500 _aYES
650 _aCircuits
_bElectronics
700 _a Smith Kenneth C
942 _cNB
999 _c240551
_d240551